000 00661nam a2200193 i 4500
001 35954
003 ES-MaACL
005 20251003180836.0
007 t|
008 030214s1925 fr ||||1| fre d
100 1 _aBremond, Henri.
_931573
245 1 3 _aLe roman et l'histoire d'une conversion
_b: Ulric Guttinger et Sainte-Beuve, d'après des correspondances inédites /
_cHenri Brémond.
260 _aParis :
_bPlon-Nourrit et Cie,
_c1925.
300 _a263 p. ;
_c19 cm.
600 1 4 _aGuttinguer, Ulric (
_d1787-1866)
_9164304
600 1 7 _aSainte-Beuve, Charles-Augustin,
_d1804-1869
_2
_9162958
852 _aES-MaACL
_jA-2291
999 _c35954
_d35954